| 000 | 00754nam a2200169 i 4500 | ||
|---|---|---|---|
| 001 | 164245 | ||
| 003 | ES-MaACL | ||
| 005 | 20251014063238.0 | ||
| 008 | 990902s1845 gw |||| | ger d | ||
| 040 |
_aCLM _bspa _cCLM |
||
| 100 | 1 |
_aSachs, Michael, _d1808-1864 _9132259 |
|
| 245 | 1 | 0 |
_aDie religiose poesie der juden in Spanien / _cbon Dr. Michael Sachs. |
| 260 |
_aBerlin : _bBerlag von Beit und Comp., _c1845. |
||
| 300 |
_a347, 51 p. ; _c23 cm. |
||
| 852 |
_aES-MaACL _jG-2770 _z-- Enc. pasta española _x-- Edic.: El tit. es: "Die religiöse Poesie der Juden in Spanien / von Michael Sachs" -- El ed. es: Verlag von Veit und Comp. -- El imp. consta en pag. 347: Julius Sittenfeld -- Las 51 p. están en hebreo |
||
| 999 |
_c164245 _d164245 |
||